banner-ar

تبسيط الكيمياء / (Record no. 27710)

MARC details
000 -الفاتح
حقل البيانات ثابتة الطول 01055nam a2200313Ia 4500
008 - عناصر البيانات ثابتة الطول - معلومات عامة
حقل البيانات ثابتة الطول 140319s9999 xx 000 0 ara d
020 ## - الرقم الدولى المعيارى للكتب
الرقم الدولى المعيارى للكتاب 8208901977
040 ## - مصدر الفهرسة
وكالة الفهرسة الأصلية GCL /
وكالة النسخ GCL
082 04 - رقم تصنيف ديوى العشرى
رقم التصنيف 540.1
رقم المادة ه ت
100 1# - المدخل الرئيسى - إسم شخصى
الإسم الشخصى هيس ، فرد س
245 10 - بيان العنوان
العنوان تبسيط الكيمياء /
بيان المسئوليه,etc هيس ، فرد س
700 1# - المدخل الاضافى - اسم شخصى
الإسم الشخصى كير ، رينالد
700 1# - المدخل الاضافى - اسم شخصى
الإسم الشخصى وليم ابراهيم عوض
260 ## - PUBLICATION, DISTRIBUTION, ETC. (IMPRINT)
تاريخ النشر أو التوزيع 1989
300 ## - الوصف المادى
التعداد 416 ص ؛
أبعاد الوعاء 24 سم
650 04 - المدخل الاضافى بالموضوع-مصطلح موضوعى
مصطلح موضوعي الكيمياء
650 04 - المدخل الاضافى بالموضوع-مصطلح موضوعى
مصطلح موضوعي الذرات
650 04 - المدخل الاضافى بالموضوع-مصطلح موضوعى
مصطلح موضوعي الكيمياء العضوية
650 04 - المدخل الاضافى بالموضوع-مصطلح موضوعى
مصطلح موضوعي الكيمياء الفيزيائية
650 04 - المدخل الاضافى بالموضوع-مصطلح موضوعى
مصطلح موضوعي الفلزات
650 04 - المدخل الاضافى بالموضوع-مصطلح موضوعى
مصطلح موضوعي الغلاف الجوى الكيميائى
650 04 - المدخل الاضافى بالموضوع-مصطلح موضوعى
مصطلح موضوعي سبك المعادن
650 04 - المدخل الاضافى بالموضوع-مصطلح موضوعى
مصطلح موضوعي العناصر الكميائية
650 04 - المدخل الاضافى بالموضوع-مصطلح موضوعى
مصطلح موضوعي الكيمياء النووية
650 04 - المدخل الاضافى بالموضوع-مصطلح موضوعى
مصطلح موضوعي الكيمياء الكهربائية
650 04 - المدخل الاضافى بالموضوع-مصطلح موضوعى
مصطلح موضوعي المحاليل الكيميائية
942 ## - عناصر المدخل الإضافي( كوها)
مصدر التصنيف او مخطط الترفيف Dewey Decimal Classification
Koha [default] item type كتاب
260 ## - PUBLICATION, DISTRIBUTION, ETC. (IMPRINT)
-- القاهرة :
-- الهيئة المصرية العامة للكتاب ،
Holdings
حالة التراجع حالة الفقد حالة تلف ليس للاعارة المكان المؤقت الموقع الحالى تاريخ الاكتساب اجمالي اﻻعارات رقم الطلب الباركود تاريخ اخر مشاهدة تاريخ تفعيل السعر نوع وعاء كوها
        مكتبة القاهرة الكبرى مكتبة القاهرة الكبرى 03/26/2014   540.1\ه ت 63202 03/26/2014 03/26/2014 كتاب
        مكتبة القاهرة الكبرى مكتبة القاهرة الكبرى 03/26/2014   540.1\ه ت 63203 03/26/2014 03/26/2014 كتاب
        مكتبة القاهرة الكبرى مكتبة القاهرة الكبرى 03/26/2014   540.1\ه ت 63204 03/26/2014 03/26/2014 كتاب

Powered By

EGPV